[Event "FRA-chT2 West 0809"]
[Site "France"]
[Date "2009.01.17"]
[Round "5.6"]
[White "Roumegous, Marina"]
[Black "Baudon, Andrew"]
[Result "1-0"]
[WhiteElo "2208"]
[BlackElo "1938"]
[PlyCount "61"]
[EventDate "2008.10.19"]
[EventType "team-tourn"]
[EventRounds "11"]
[EventCountry "FRA"]
[SourceTitle "EXT 2010"]
[Source "ChessBase"]
[SourceDate "2010.11.25"]
[SourceVersion "1"]
[SourceVersionDate "2010.11.25"]
[SourceQuality "1"]
[WhiteTeam "Evry Grand Roque II"]
[BlackTeam "Quimper"]
[WhiteTeamCountry "FRA"]
[BlackTeamCountry "FRA"]

1. d4 Nf6 2. Bg5 e6 3. e3 Be7 4. Bd3 b6 5. Nf3 Bb7 6. Nbd2 h6 7. Bh4 d5 8. Ne5 Nfd7 9. Bg3 Nxe5 10. Bxe5 Bf6 11. Bg3 Qe7 12. f4 c5 13. c3 a6 14. 0-0 h5 15. Nf3 h4 16. Bf2 Nd7 17. Qe2 g5 18. fxg5 Bxg5 19. e4 c4 20. Bc2 0-0-0 21. b3 b5 22. a4 Rdg8 23. axb5 axb5 24. bxc4 Nf6 25. cxd5 exd5 26. e5 Ne4 27. Qxb5 Nxc3 28. Bf5+ Kb8 29. Qb2 Bd2 30. Qxd2 Ne4 31. Qf4 1-0

[Event "FRA-chT2 West 0809"]
[Site "France"]
[Date "2008.11.22"]
[Round "2.5"]
[White "Baudon, Andrew"]
[Black "Lemeaux, David"]
[Result "0-1"]
[WhiteElo "1938"]
[BlackElo "2199"]
[PlyCount "152"]
[EventDate "2008.10.19"]
[EventType "team-tourn"]
[EventRounds "11"]
[EventCountry "FRA"]
[SourceTitle "EXT 2010"]
[Source "ChessBase"]
[SourceDate "2010.11.25"]
[SourceVersion "1"]
[SourceVersionDate "2010.11.25"]
[SourceQuality "1"]
[WhiteTeam "Quimper"]
[BlackTeam "Echiquier Bordelais"]
[WhiteTeamCountry "FRA"]
[BlackTeamCountry "FRA"]

1. e4 c5 2. c3 Nf6 3. e5 Nd5 4. d4 cxd4 5. Nf3 Nc6 6. cxd4 d6 7. Bc4 e6 8. 0-0 Be7 9. Nbd2 Nb6 10. Bb3 dxe5 11. dxe5 Nd4 12. Nxd4 Qxd4 13. Qe2 Bd7 14. Rd1 Qc5 15. Nf3 0-0 16. Be3 Qc7 17. Bxb6 axb6 18. Rac1 Bc6 19. Nd4 Bc5 20. Bc2 Rfd8 21. Nxc6 bxc6 22. Rxd8+ Rxd8 23. Kh1 Bd4 24. f4 Bxb2 25. Rf1 Ba3 26. f5 exf5 27. Rxf5 Qd7 28. Rf2 Bc5 29. Rf1 Re8 30. Bb3 Re7 31. Qf3 Qe8 32. h3 Bd4 33. e6 f6 34. Rd1 c5 35. Bd5 g6 36. h4 Kg7 37. Qe2 Qb8 38. Qf3 Qe5 39. g3 b5 40. Kg2 b4 41. g4 Ra7 42. Bb3 Re7 43. Rf1 Qe3 44. Qxe3 Bxe3 45. Kf3 Bd4 46. Ke4 Kf8 47. Bc4 Rc7 48. Rb1 Ra7 49. Bb3 Ke7 50. h5 gxh5 51. Rh1 Kd6 52. Rxh5 Be5 53. g5 fxg5 54. Rxg5 Bd4 55. Rg2 h5 56. Rh2 Rh7 57. Rh4 Bf6 58. Rh3 h4 59. Kf5 Ke7 60. Kg4 Rh8 61. Rd3 Rd8 62. Rxd8 Kxd8 63. Kf5 Ke7 64. Bd5 h3 65. Kg4 h2 66. Kg3 Be5+ 67. Kg2 Kf6 68. Bc4 Bd6 69. Kh1 Ke5 70. e7 Bxe7 71. Kxh2 Kd4 72. Bf7 c4 73. Kg2 Kd3 74. Kf1 Bh4 75. Be6 c3 76. Bf5+ Kd2 0-1

[Event "FRA-chT2 West 0708"]
[Site "France"]
[Date "2008.04.06"]
[Round "11.5"]
[White "Baudon, Andrew"]
[Black "Maurel, Jean Louis"]
[Result "1-0"]
[WhiteElo "1975"]
[BlackElo "1995"]
[PlyCount "57"]
[EventDate "2007.10.21"]
[EventType "team"]
[EventRounds "11"]
[EventCountry "FRA"]
[SourceTitle "EXT 2009"]
[Source "ChessBase"]
[SourceDate "2008.11.26"]
[SourceVersion "1"]
[SourceVersionDate "2008.11.26"]
[SourceQuality "1"]
[WhiteTeam "Quimper"]
[BlackTeam "Orleans"]
[WhiteTeamCountry "FRA"]
[BlackTeamCountry "FRA"]

1. e4 g6 2. d4 Bg7 3. Bc4 c6 4. Nc3 e6 5. Bb3 d5 6. Nf3 Nf6 7. Qe2 0-0 8. e5 Nfd7 9. h4 a6 10. h5 c5 11. dxc5 Nc6 12. Bg5 Qc7 13. hxg6 fxg6 14. 0-0-0 Nxc5 15. Bxd5 Nxe5 16. Nxe5 Qxe5 17. Qxe5 Bxe5 18. Be7 Rf7 19. Bxc5 exd5 20. Rxd5 Bf4+ 21. Kb1 Be6 22. Rdd1 Rc8 23. Bb6 Bf5 24. Rhe1 Bg5 25. f3 Bf6 26. Bd4 Kg7 27. Bxf6+ Kxf6 28. g4 Bd7 29. Ne4+ 1-0

[Event "FRA-chT2 West 0708"]
[Site "France"]
[Date "2008.03.16"]
[Round "9.6"]
[White "Baudon, Andrew"]
[Black "Boonekamp, Maarten"]
[Result "0-1"]
[WhiteElo "1926"]
[BlackElo "2055"]
[PlyCount "42"]
[EventDate "2007.10.21"]
[EventType "team"]
[EventRounds "11"]
[EventCountry "FRA"]
[SourceTitle "EXT 2009"]
[Source "ChessBase"]
[SourceDate "2008.11.26"]
[SourceVersion "1"]
[SourceVersionDate "2008.11.26"]
[SourceQuality "1"]
[WhiteTeam "Quimper"]
[BlackTeam "Gif sur Yvette"]
[WhiteTeamCountry "FRA"]
[BlackTeamCountry "FRA"]

1. e4 e5 2. Nf3 Nc6 3. Bb5 Bc5 4. c3 Nf6 5. 0-0 0-0 6. d4 exd4 7. cxd4 Be7 8. Nc3 d5 9. e5 Ne4 10. h3 f5 11. Qc2 Be6 12. Ne2 Nb4 13. Qd1 g5 14. Nh2 a6 15. Ba4 b5 16. Bb3 f4 17. Re1 Qd7 18. f3 Bxh3 19. gxh3 Qxh3 20. Nxf4 Qg3+ 21. Ng2 Qf2+ 0-1

[Event "FRA-chT2 West 0708"]
[Site "France"]
[Date "2007.11.24"]
[Round "2.6"]
[White "Baudon, Andrew"]
[Black "Choisy, Mathilde"]
[Result "0-1"]
[WhiteElo "1935"]
[BlackElo "2100"]
[PlyCount "62"]
[EventDate "2007.10.21"]
[EventType "team"]
[EventRounds "11"]
[EventCountry "FRA"]
[SourceTitle "EXT 2009"]
[Source "ChessBase"]
[SourceDate "2008.11.26"]
[SourceVersion "1"]
[SourceVersionDate "2008.11.26"]
[SourceQuality "1"]
[WhiteTeam "Quimper"]
[BlackTeam "Bois Colombes II"]
[WhiteTeamCountry "FRA"]
[BlackTeamCountry "FRA"]

1. e4 c5 2. c3 Nf6 3. e5 Nd5 4. d4 cxd4 5. Nf3 Nc6 6. cxd4 d6 7. Bc4 Nb6 8. Bb5 d5 9. Nc3 Bg4 10. h3 Bxf3 11. Qxf3 e6 12. Be3 a6 13. Be2 Nd7 14. Qg4 h5 15. Qg3 Qb6 16. 0-0 g6 17. Rfd1 Qxb2 18. Bd2 Nxd4 19. Bf1 Nf5 20. Qf3 Qa3 21. Bc1 Qc5 22. Nxd5 exd5 23. Rxd5 Qc6 24. Bb2 Nb6 25. e6 Qxd5 26. exf7+ Kxf7 27. Qxd5+ Nxd5 28. Bc4 Nfe7 29. Bxh8 Bg7 30. Bxg7 Kxg7 31. Rb1 b5 0-1

[Event "FRA-ch U18"]
[Site "Le Grand Bornand"]
[Date "2007.04.08"]
[Round "1"]
[White "Monsieux, Cyril"]
[Black "Baudon, Andrew"]
[Result "1-0"]
[WhiteElo "2301"]
[BlackElo "1908"]
[PlyCount "113"]
[EventDate "2007.04.07"]
[EventType "swiss"]
[EventRounds "9"]
[EventCountry "FRA"]
[SourceTitle "CBM 118 Extra"]
[Source "ChessBase"]
[SourceDate "2007.07.04"]
[SourceVersion "1"]
[SourceVersionDate "2007.07.04"]
[SourceQuality "1"]

1. e4 e5 2. Nc3 Nf6 3. f4 d6 4. Nf3 Nbd7 5. Bc4 Be7 6. 0-0 0-0 7. Kh1 Nb6 8. Be2 Re8 9. fxe5 dxe5 10. Nxe5 Bd6 11. Nf3 Nxe4 12. Nxe4 Rxe4 13. d3 Re8 14. Ng5 Rf8 15. d4 h6 16. Ne4 Be7 17. c4 f5 18. Nc3 c6 19. Be3 Be6 20. b3 Bf6 21. Qd2 Bg5 22. Bf3 Bxe3 23. Qxe3 Bf7 24. Rad1 Qc7 25. d5 Rad8 26. dxc6 bxc6 27. Qc5 Rxd1 28. Rxd1 Rd8 29. Qxf5 Rxd1+ 30. Nxd1 Qd6 31. Qc2 Nd7 32. Qc3 Ne5 33. Be2 Ng6 34. Ne3 Qd7 35. Bf3 Nh4 36. Be4 Bg6 37. Bxg6 Nxg6 38. g3 Qe6 39. Qd4 Qe7 40. Kg2 Nf8 41. c5 Nd7 42. b4 Ne5 43. Nc4 Nf7 44. Qe3 Qd7 45. Qd2 Qe6 46. Qd3 Qf6 47. a4 Qe6 48. b5 Ng5 49. b6 axb6 50. cxb6 Qc8 51. h4 Nf7 52. a5 Qb7 53. Qe3 Qa8 54. Qe6 c5+ 55. Kf2 Qd8 56. b7 Qd4+ 57. Kg2 1-0

[Event "Bretagne-ch U18"]
[Site "Ploermel"]
[Date "2007.02.14"]
[Round "3"]
[White "Baudon, Andrew"]
[Black "Lample, Guillaume"]
[Result "1/2-1/2"]
[WhiteElo "1916"]
[BlackElo "1970"]
[PlyCount "134"]
[EventDate "2007.02.13"]
[EventType "tourn"]
[EventRounds "6"]
[EventCountry "FRA"]
[SourceTitle "EXT 2008"]
[Source "ChessBase"]
[SourceDate "2007.11.25"]
[SourceVersion "1"]
[SourceVersionDate "2007.11.25"]
[SourceQuality "1"]

1. g3 d5 2. Bg2 Nf6 3. d3 c5 4. Nf3 Nc6 5. Bf4 e6 6. 0-0 Bd6 7. Bxd6 Qxd6 8. Re1 0-0 9. Nbd2 e5 10. e4 d4 11. Nc4 Qe7 12. a4 Ne8 13. Qc1 Nd6 14. Nxd6 Qxd6 15. Nh4 g6 16. Qg5 Qe7 17. Qd2 Be6 18. Nf3 Bd7 19. Kh1 a6 20. Ng1 Nb4 21. Ne2 b6 22. f4 f6 23. Rf1 Kg7 24. h3 h5 25. Ng1 Rab8 26. Nf3 Nc6 27. Kh2 b5 28. axb5 axb5 29. Nh4 exf4 30. Qxf4 Qe5 31. Qxe5 fxe5 32. Nf3 Rf7 33. Ng5 Rxf1 34. Rxf1 Rf8 35. Nf3 Rf6 36. Ra1 Rf8 37. Kg1 Kf6 38. Ra6 Ke6 39. Ng5+ Kd6 40. Rb6 Rb8 41. Ra6 Kc7 42. Nf3 Bc8 43. Ra1 Rb6 44. Rf1 Be6 45. Nh4 Nb4 46. Nxg6 Bxh3 47. Rf7+ Kd8 48. Rf8+ Kc7 49. Nxe5 Bxg2 50. Kxg2 Nxc2 51. Rf7+ Kd6 52. Rf6+ Kc7 53. Rxb6 Kxb6 54. Kh3 Kc7 55. Kh4 Kd6 56. Nf3 c4 57. dxc4 bxc4 58. Nd2 Ne3 59. Kxh5 c3 60. bxc3 dxc3 61. Nb3 c2 62. g4 Ke5 63. g5 Kxe4 64. g6 Nf5 65. Kg5 Ke5 66. Nc1 Ng7 67. Kh6 Kf6 1/2-1/2

[Event "Fouesnant op 12th"]
[Site "Fouesnant"]
[Date "2006.11.01"]
[Round "6"]
[White "Priser, Patrick"]
[Black "Baudon, Andrew"]
[Result "1-0"]
[WhiteElo "2000"]
[BlackElo "1912"]
[PlyCount "41"]
[EventDate "2006.10.28"]
[EventType "swiss"]
[EventRounds "9"]
[EventCountry "FRA"]
[SourceTitle "EXT 2008"]
[Source "ChessBase"]
[SourceDate "2007.11.25"]
[SourceVersion "1"]
[SourceVersionDate "2007.11.25"]
[SourceQuality "1"]

1. e4 e5 2. Bc4 Nc6 3. Nf3 Nf6 4. d3 Be7 5. 0-0 d6 6. c3 0-0 7. a4 d5 8. exd5 Nxd5 9. Re1 Bf6 10. Nbd2 Bf5 11. Ne4 Bxe4 12. Rxe4 a6 13. a5 Re8 14. Qb3 Nce7 15. Nxe5 Rf8 16. Ng4 Rb8 17. Bxd5 Nxd5 18. c4 Ne7 19. Nxf6+ gxf6 20. Bh6 Re8 21. Rae1 1-0

[Event "Fouesnant op 12th"]
[Site "Fouesnant"]
[Date "2006.10.30"]
[Round "4"]
[White "Bouvet, Laurent"]
[Black "Baudon, Andrew"]
[Result "1/2-1/2"]
[WhiteElo "2100"]
[BlackElo "1912"]
[PlyCount "60"]
[EventDate "2006.10.28"]
[EventType "swiss"]
[EventRounds "9"]
[EventCountry "FRA"]
[SourceTitle "EXT 2008"]
[Source "ChessBase"]
[SourceDate "2007.11.25"]
[SourceVersion "1"]
[SourceVersionDate "2007.11.25"]
[SourceQuality "1"]

1. e4 e5 2. f4 d5 3. exd5 e4 4. d3 Qxd5 5. Qe2 Nf6 6. Nd2 Bg4 7. Ngf3 Bf5 8. g4 Bxg4 9. dxe4 Qa5 10. c3 Nbd7 11. Bg2 c6 12. Nc4 Qh5 13. h3 Bxf3 14. Bxf3 Qh4+ 15. Kf1 0-0-0 16. b4 g6 17. Be3 Nh5 18. Bxh5 gxh5 19. Qf3 Rg8 20. Bf2 Qf6 21. e5 Qe6 22. Ne3 Nb6 23. Qe4 Nd5 24. f5 Nxc3 25. fxe6 Nxe4 26. exf7 Rg7 27. e6 Nxf2 28. Kxf2 Rg6 29. a3 Rxe6 30. Rhf1 Rd2+ 1/2-1/2

[Event "Bretagne-ch U16"]
[Site "Sarzeau"]
[Date "2006.02.24"]
[Round "6"]
[White "Baudon, Andrew"]
[Black "Bacon, Flavien"]
[Result "1-0"]
[WhiteElo "1908"]
[BlackElo "1980"]
[PlyCount "28"]
[EventDate "2006.02.21"]
[EventType "swiss"]
[EventRounds "6"]
[EventCountry "FRA"]
[SourceTitle "EXT 2007"]
[Source "ChessBase"]
[SourceDate "2006.11.23"]
[SourceVersion "1"]
[SourceVersionDate "2006.11.23"]
[SourceQuality "1"]

1. e4 c5 2. c3 d5 3. exd5 Qxd5 4. d4 Nc6 5. Nf3 cxd4 6. Nxd4 e5 7. Nxc6 Qxc6 8. Qb3 Bd7 9. Bc4 Qg6 10. Qxb7 Bc6 11. Bb5 Qe4+ 12. Be3 Ne7 13. Qxa8+ Kd7 14. Qxa7+ Ke6 1-0

[Event "FRA-chT3 Gr5 "]
[Site "Bretagne"]
[Date "2006.??.??"]
[Round "5.5"]
[White "Baudon, Andrew"]
[Black "Drean, Philippe"]
[Result "0-1"]
[WhiteElo "1908"]
[BlackElo "1860"]
[PlyCount "75"]
[EventDate "2006.??.??"]
[EventType "team"]
[EventRounds "9"]
[EventCountry "FRA"]
[SourceTitle "EXT 2007"]
[Source "ChessBase"]
[SourceDate "2006.11.23"]
[SourceVersion "1"]
[SourceVersionDate "2006.11.23"]
[SourceQuality "1"]

1. e4 c5 2. Nc3 Nc6 3. f4 e6 4. Nf3 g6 5. Bc4 Bg7 6. d3 Nge7 7. a3 0-0 8. 0-0 d6 9. Qe1 a6 10. Kh1 b5 11. Bb3 Na5 12. Nd1 Nxb3 13. cxb3 Nc6 14. Bd2 b4 15. axb4 Nxb4 16. Bxb4 cxb4 17. Qxb4 a5 18. Qd2 Qb6 19. Ra3 Bd7 20. Nc3 Rfc8 21. e5 d5 22. Qf2 Qb4 23. Qd4 Bf8 24. Rfa1 Qxd4 25. Nxd4 Bxa3 26. Rxa3 Kg7 27. g3 f6 28. exf6+ Kxf6 29. Kg2 g5 30. f5 exf5 31. Nxd5+ Ke5 32. Nb6 Kxd4 33. Nxd7 Rc2+ 34. Kh3 g4+ 35. Kh4 Rg8 36. h3 Rh2 37. Ra4+ Ke3 38. Re4+ 0-1

[Event "Finistere-chB 0405"]
[Site "Finistere"]
[Date "2005.04.09"]
[Round "7"]
[White "Baudon, Andrew"]
[Black "Quantin, Francois"]
[Result "1-0"]
[WhiteElo "1780"]
[BlackElo "1430"]
[PlyCount "45"]
[EventDate "2004.10.16"]
[EventType "swiss"]
[EventRounds "7"]
[EventCountry "FRA"]
[SourceTitle "EXT 2007"]
[Source "ChessBase"]
[SourceDate "2006.11.23"]
[SourceVersion "1"]
[SourceVersionDate "2006.11.23"]
[SourceQuality "1"]

1. e4 e5 2. Nf3 Nc6 3. Bb5 Nge7 4. Nc3 a6 5. Ba4 b5 6. Bb3 d6 7. Ng5 d5 8. exd5 Nd4 9. d3 Nxb3 10. axb3 Nxd5 11. Qf3 Nf6 12. Qxa8 Bc5 13. Qc6+ Nd7 14. Qf3 0-0 15. Nge4 Bb7 16. Qg3 Be7 17. Bh6 Bf6 18. Nxf6+ Qxf6 19. Be3 Qg6 20. Qxg6 fxg6 21. 0-0 Rf5 22. Ne4 Nf6 23. Ng3 1-0

[Event "FRA-chT3 0405"]
[Site "France"]
[Date "2005.04.03"]
[Round "9"]
[White "Serve, Emmanuel"]
[Black "Baudon, Andrew"]
[Result "1-0"]
[WhiteElo "1920"]
[BlackElo "1780"]
[PlyCount "103"]
[EventDate "2004.10.10"]
[EventType "team"]
[EventRounds "9"]
[EventCountry "FRA"]
[SourceTitle "EXT 2007"]
[Source "ChessBase"]
[SourceDate "2006.11.23"]
[SourceVersion "1"]
[SourceVersionDate "2006.11.23"]
[SourceQuality "1"]

1. Nf3 Nf6 2. Nc3 d5 3. d4 Bf5 4. Bf4 c6 5. e3 Nbd7 6. Nh4 Bg6 7. Nxg6 hxg6 8. h3 e6 9. Bd3 Bb4 10. 0-0 Qe7 11. a3 Bd6 12. Bxd6 Qxd6 13. f4 g5 14. Qf3 gxf4 15. exf4 0-0-0 16. Ne2 Rdg8 17. b4 g5 18. fxg5 Rxg5 19. Qf4 Qxf4 20. Nxf4 Rg7 21. Rae1 Nh5 22. Nxh5 Rxh5 23. Kh2 Nb6 24. g4 Rh8 25. Kg3 Kd7 26. h4 Nc8 27. Kh3 Ne7 28. Rf6 Ng8 29. Rf3 Ke7 30. Ref1 b5 31. a4 bxa4 32. Ra1 Nf6 33. Rf4 Ra8 34. Rxa4 Nd7 35. Ra6 e5 36. Rf5 e4 37. Be2 Nb8 38. Ra1 Nd7 39. c3 Rh7 40. Ra6 Nb8 41. Re5+ Kd6 42. Re8 Nxa6 43. Rxa8 Nc7 44. Rxa7 Ne6 45. Kg3 Rg7 46. g5 Nxg5 47. hxg5 Rxg5+ 48. Kf4 Rg2 49. Bg4 f5 50. Bxf5 Rf2+ 51. Kg5 c5 52. bxc5+ 1-0

[Event "Finistere-chB 0405"]
[Site "Finistere"]
[Date "2005.01.15"]
[Round "4"]
[White "Baudon, Andrew"]
[Black "Guillerm, Mischa"]
[Result "1-0"]
[WhiteElo "1780"]
[BlackElo "1740"]
[PlyCount "73"]
[EventDate "2004.10.16"]
[EventType "swiss"]
[EventRounds "7"]
[EventCountry "FRA"]
[SourceTitle "EXT 2007"]
[Source "ChessBase"]
[SourceDate "2006.11.23"]
[SourceVersion "1"]
[SourceVersionDate "2006.11.23"]
[SourceQuality "1"]

1. e4 c5 2. Nc3 d6 3. f4 Nf6 4. Nf3 a6 5. d3 e6 6. Be2 Be7 7. 0-0 0-0 8. b3 Nc6 9. Bb2 Bd7 10. Qd2 Rc8 11. h3 b5 12. a4 Qb6 13. Kh1 Nd4 14. a5 Qa7 15. Nd1 d5 16. e5 Nxe2 17. Qxe2 Nh5 18. Qe1 Nxf4 19. Bc1 Ng6 20. h4 f6 21. h5 Nxe5 22. Nxe5 fxe5 23. Rxf8+ Rxf8 24. Bb2 d4 25. Qxe5 Rf5 26. Qe2 Bh4 27. Kg1 Qc7 28. Bc1 Re5 29. Bf4 Rxe2 30. Bxc7 Rxc2 31. Bf4 Bc6 32. Rc1 Rxg2+ 33. Kf1 Rg4 34. Bd6 Bd5 35. Rxc5 Bxb3 36. Rc8+ Kf7 37. Rf8# 1-0

[Event "Fouesnant op 10th"]
[Site "Fouesnant"]
[Date "2004.10.29"]
[Round "8"]
[White "Baudon, Andrew"]
[Black "Peyre, Thomas"]
[Result "1-0"]
[WhiteElo "1850"]
[BlackElo "1620"]
[PlyCount "73"]
[EventDate "2004.10.23"]
[EventType "swiss"]
[EventRounds "9"]
[EventCountry "FRA"]
[SourceTitle "EXT 2007"]
[Source "ChessBase"]
[SourceDate "2006.11.23"]
[SourceVersion "1"]
[SourceVersionDate "2006.11.23"]
[SourceQuality "1"]

1. e4 e6 2. d4 d5 3. exd5 exd5 4. Nf3 c5 5. Bb5+ Bd7 6. Qe2+ Qe7 7. Qxe7+ Bxe7 8. Bxd7+ Nxd7 9. 0-0 Bd6 10. Nc3 Ne7 11. Re1 Nb6 12. Nb5 Nbc8 13. dxc5 Bb8 14. Be3 0-0 15. Nc3 Bc7 16. a3 Nc6 17. Nxd5 Bd8 18. Rad1 N8e7 19. Nxe7+ Bxe7 20. b4 a6 21. Bf4 Rad8 22. Rxd8 Rxd8 23. h3 f6 24. g4 Kf7 25. h4 Nd4 26. Rxe7+ Kxe7 27. Bd6+ Kf7 28. Nxd4 Re8 29. f3 Re3 30. c6 bxc6 31. Kf2 Rxa3 32. b5 Ra4 33. b6 Rxd4 34. b7 Rxd6 35. b8Q Rd2+ 36. Ke3 Rxc2 37. Qb3+ 1-0

[Event "Fouesnant op 10th"]
[Site "Fouesnant"]
[Date "2004.10.25"]
[Round "4"]
[White "Baudon, Andrew"]
[Black "Le Goff, Thierry"]
[Result "1/2-1/2"]
[WhiteElo "1850"]
[BlackElo "1660"]
[PlyCount "56"]
[EventDate "2004.10.23"]
[EventType "swiss"]
[EventRounds "9"]
[EventCountry "FRA"]
[SourceTitle "EXT 2007"]
[Source "ChessBase"]
[SourceDate "2006.11.23"]
[SourceVersion "1"]
[SourceVersionDate "2006.11.23"]
[SourceQuality "1"]

1. e4 e6 2. d4 d5 3. exd5 exd5 4. Nc3 Nf6 5. Nf3 Bf5 6. Bd3 Bg6 7. Bxg6 hxg6 8. Qe2+ Qe7 9. Qxe7+ Bxe7 10. Bf4 c6 11. 0-0-0 0-0 12. Rhe1 Re8 13. h3 Nbd7 14. Bg5 Bb4 15. Bxf6 gxf6 16. g4 Kg7 17. h4 Re6 18. Rxe6 fxe6 19. Re1 Re8 20. g5 f5 21. Kd2 Bd6 22. b3 e5 23. dxe5 Nxe5 24. Nxe5 Bxe5 25. Kd3 Re7 26. f4 Bd6 27. Rxe7+ Bxe7 28. Ne2 Bc5 1/2-1/2

[Event "Fouesnant op 10th"]
[Site "Fouesnant"]
[Date "2004.10.23"]
[Round "1"]
[White "Tran, Alex"]
[Black "Baudon, Andrew"]
[Result "0-1"]
[WhiteElo "1770"]
[BlackElo "1850"]
[PlyCount "72"]
[EventDate "2004.10.23"]
[EventType "swiss"]
[EventRounds "9"]
[EventCountry "FRA"]
[SourceTitle "EXT 2007"]
[Source "ChessBase"]
[SourceDate "2006.11.23"]
[SourceVersion "1"]
[SourceVersionDate "2006.11.23"]
[SourceQuality "1"]

1. c4 e5 2. Nc3 Nf6 3. g3 Bc5 4. Bg2 Nc6 5. Nf3 d6 6. 0-0 0-0 7. Na4 Bb6 8. Nxb6 axb6 9. d3 Bg4 10. h3 Bd7 11. Kh2 Ne7 12. Bg5 Ng6 13. a4 h6 14. Be3 Qe8 15. b3 c5 16. Nd2 Bc6 17. Ne4 Nxe4 18. dxe4 Qe7 19. f3 f5 20. exf5 Rxf5 21. Qd3 Rf6 22. Rad1 Rc8 23. Qd2 Kf8 24. Ra1 Ra8 25. Rfd1 Kg8 26. Ra2 Nf8 27. Rc1 Ne6 28. Raa1 Nd4 29. Bxd4 exd4 30. e4 g5 31. Rc2 Qe5 32. Re1 h5 33. Kg1 Raf8 34. Kf2 h4 35. gxh4 gxh4 36. Bh1 Qh2+ 0-1

[Event "Finistere-chT 0304"]
[Site "Finistere"]
[Date "2004.01.24"]
[Round "4.8"]
[White "Baudon, Andrew"]
[Black "Priser, Jacques"]
[Result "1-0"]
[WhiteElo "1510"]
[BlackElo "1730"]
[PlyCount "53"]
[EventDate "2003.10.??"]
[EventType "team-swiss"]
[EventRounds "6"]
[EventCountry "FRA"]
[SourceTitle "EXT 2005"]
[Source "ChessBase"]
[SourceDate "2004.11.15"]
[SourceVersion "1"]
[SourceVersionDate "2004.11.15"]
[SourceQuality "1"]

1. e4 d5 2. exd5 Nf6 3. Nc3 Nxd5 4. Nf3 Nxc3 5. bxc3 e6 6. d4 Bd6 7. Bc4 c6 8. 0-0 Nd7 9. Re1 0-0 10. Qd3 h6 11. Ne5 Nxe5 12. dxe5 Bc5 13. Qg3 f5 14. Bxh6 Qe7 15. Bg5 Qf7 16. Bf6 Re8 17. Rad1 Kf8 18. Qh4 gxf6 19. Qh8+ Ke7 20. exf6+ Qxf6 21. Qh7+ Kf8 22. Rd3 Qg7 23. Qh5 Qg4 24. Qh8+ Kf7 25. Qh7+ Qg7 26. Qxf5+ Qf6 27. Qxc5 1-0

[Event "Finistere-chT 0304"]
[Site "Finistere"]
[Date "2003.11.29"]
[Round "2.2"]
[White "Hochart, Jean Luc"]
[Black "Baudon, Andrew"]
[Result "1-0"]
[WhiteElo "1920"]
[BlackElo "1600"]
[PlyCount "47"]
[EventDate "2003.10.??"]
[EventType "team-swiss"]
[EventRounds "6"]
[EventCountry "FRA"]
[SourceTitle "EXT 2005"]
[Source "ChessBase"]
[SourceDate "2004.11.15"]
[SourceVersion "1"]
[SourceVersionDate "2004.11.15"]
[SourceQuality "1"]

1. e4 e5 2. f4 exf4 3. Nf3 d6 4. d4 Bg4 5. Bxf4 Be7 6. Bc4 c6 7. Nc3 Qb6 8. Qd2 Bxf3 9. gxf3 Bh4+ 10. Bg3 Bxg3+ 11. hxg3 Qd8 12. f4 b5 13. Bd3 Nh6 14. f5 a5 15. Qf4 Na6 16. f6 g5 17. Qxg5 Ng8 18. e5 dxe5 19. dxe5 Qc7 20. Nxb5 Qd7 21. Nd6+ Kd8 22. Rxh7 Qa7 23. 0-0-0 Nb4 24. Bc4 1-0

[Event "Fouesnant op 09th"]
[Site "Fouesnant"]
[Date "2003.10.28"]
[Round "5"]
[White "Baudon, Andrew"]
[Black "Le Chequer, Laetitia"]
[Result "0-1"]
[WhiteElo "1600"]
[BlackElo "1420"]
[PlyCount "78"]
[EventDate "2003.10.25"]
[EventType "swiss"]
[EventRounds "9"]
[EventCountry "FRA"]
[SourceTitle "EXT 2006"]
[Source "ChessBase"]
[SourceDate "2005.11.24"]
[SourceVersion "1"]
[SourceVersionDate "2005.11.24"]
[SourceQuality "1"]

1. e4 c6 2. d4 d5 3. exd5 Qxd5 4. Nc3 Qa5 5. Nf3 Bg4 6. h3 Bf5 7. a3 Qc7 8. Bd3 Bxd3 9. Qxd3 e6 10. Be3 Nd7 11. 0-0-0 Ngf6 12. Rhe1 Be7 13. Bg5 0-0 14. Ne5 Rfd8 15. Qg3 Nxe5 16. Qxe5 Qb6 17. Na4 Qa6 18. Nc5 Bxc5 19. Qxc5 Rd5 20. Qc3 Rxg5 21. h4 Ra5 22. Re5 b5 23. Rc5 Ne4 24. Rxc6 Nxc3 25. Rxa6 Rxa6 26. bxc3 Rxa3 27. Kb2 Ra4 28. Kb3 Rc8 29. d5 exd5 30. Rxd5 a6 31. c4 Raxc4 32. Rd3 Rxc2 33. Kb4 h6 34. g4 R8c4+ 35. Kb3 Rxf2 36. g5 Rxh4 37. g6 fxg6 38. Rd8+ Kh7 39. Rh8+ Kxh8 0-1